00293nam a2200121Ia 45000030006000000080041000060400015000471000019000622450052000812600009001335460012001420050017001540STCL150530s9999 xx 000 0 und d aSTCLcSTCL aMajumdar, R.C. aHistory of the freedom movement in India vol II c1963 aEnglish20220125171450.0